Open Data Biblioteca Nacional de Portugal


República Portuguesa: Ministério da Cultura
Biblioteca Nacional de Portugal

Catálogo da BNP: acesso por Identificadores Unívocos
Registos Bibliográficos associados ao registo de autoridade

Etiqueta de registo: 00254nkm 2200109 450
001 1725335
003 http://id.bnportugal.gov.pt/bib/catbnp/1725335
100 ## $a20090928d1990 am y0pory0103 ba
101 0# $apor
102 ## $aPT
200 1# $a4.º Encontro internacional de cicloturismo$bVisual gráfico]$e o ambiente e os descobrimentos$fNúcleo Cicloturista de Sesimbra
210 #9 $aSesimbra$cN.C.,$d1990
215 ## $a1 cartaz$ccolor.$d70x50 cm
300 ## $aApoio da Comissão Nac. dos Descobrimentos, Sec. Est. do Ambiente, Fed. Port. de Cicloturismo, etc
317 ## $aColeção Madeira Luís$5PTBN: CT. 22244 A.
675 ## $a796.6(469)"1990"(084.5)$vBN$zpor$31393277
675 ## $a766(=1:469)"199"(084.5)$vBN$zpor$31285670
710 12 $aEncontro Internacional de Cicloturismo,$d4,$eBelém, etc,$f1990$31393274
712 02 $aNúcleo Cicloturista de Sesimbra$4557$31393275
801 #0 $aPT$bBN$gRPC
966 ## $lBN$mICONOG$sCT. 11086 A.$x3
966 ## $lBN$mICONOG$sCT. 22244 A.$x3

Etiqueta de registo: 00254nkm 2200109 450
001 1909935
003 http://id.bnportugal.gov.pt/bib/catbnp/1909935
100 ## $a20150915d1987 am y0pory01030103ba
101 0# $aporeng
102 ## $aPT
200 1# $aI Raid cicloturista$bVisual gráfico]$forganização do Núcleo Cicloturista de Sesimbra$gfoto Rui Cunha$gCaixa Alta desenho gráfico
210 #9 $a[S.l.$cs.n.],$d1987
215 ## $a1 cartaz$ccolor.$d67x48 cm
317 ## $aColeção Madeira Luís
330 ## $aNo alto de um rochedo junto ao mar, uma cegonha vigia o ninho com dois filhotes
675 ## $a766(=1:469)"198"(084.5)$vBN$zpor$31302430
675 ## $a796.6(469)"1987"(084.5)$vBN$zpor$31620340
702 #1 $aCunha,$bRui,$f1950-2023$4600$330833
710 02 $aNúcleo Cicloturista de Sesimbra$31393275
712 02 $aCaixa Alta$4410$370407
801 #0 $aPT$bBN$gRPC
966 ## $lBN$mICONOG$pFrancisco Madeira Luís$sCT. 13278 A.$x3
997 ## $aBIBEOD

Etiqueta de registo: 00000nkm 2200025 450
001 2273091
003 http://id.bnportugal.gov.pt/bib/catbnp/2273091
100 ## $a20260227d1989_ m y0pory01030103ba
101 0# $apor
102 ## $aPT
200 1# $aIII Encontro Internacional de Cicloturismo, Sesimbra-Sudoeste alentejano-Algarve, 29-30 de abril - 1 de maio-89 $bVisual gráfico]$fNúcleo Cicloturista de Sesimbra
210 #9 $aSesimbra$cNúcleo Cicloturista de Sesimbra,$d1989
215 ## $a1 cartaz$ccolor.$d42,6x30,4 cm
317 ## $aColeção Madeira Luís
710 12 $aEncontro Internacional de Cicloturismo,$d3,$eSesimbra,$f1989$31987904
712 02 $aNúcleo Cicloturista de Sesimbra$31393275
801 #0 $aPT$bBN$gRPC
966 ## $lBN$mICONOG$sCT. 15194 V.$x3
971 ## $cCaticonografia9$d20260227
972 ## $d20260302 $e0$vmferro$z0
995 ## $aPRR2026

Etiqueta de registo: 00000nkm 2200025 450
001 2273049
003 http://id.bnportugal.gov.pt/bib/catbnp/2273049
100 ## $a20260227d1988 m y0pory01030103ba
101 0# $apor
102 ## $aPT
200 1# $aIV Passeio Cicloturista de Sesimbra, 18 set. 88$bVisual gráfico]$fCamâra Municipal de Sesimbra e Núcleo Cicloturista de Sesimbra
210 #9 $aSesimbra$cCamâra Municipal de Sesimbra,$d1988
215 ## $a1 cartaz$ccolor.$d41,9x29,7 cm
317 ## $aColeção Madeira Luís
710 02 $aPasseio Cicloturista de Sesimbra,$d4,$eSesimbra,$f1988$31987877
712 01 $aSesimbra.$bCâmara Municipal$4650$316005
712 02 $aNúcleo Cicloturista de Sesimbra$4557$31393275
801 #0 $aPT$bBN$gRPC
966 ## $lBN$mICONOG$sCT. 15189 V.$x3
971 ## $cCaticonografia9$d20260227
972 ## $d20260302 $e1$vmferro$z0
995 ## $aPRR2026

OpendataBNP@bnportugal.pt | Mais informação sobre acesso aos dados BNP